The Umbrella Academy Characters - Statistics

General Stats
  • This quiz has been taken 346 times
  • The average score is 13 of 16
Answer Stats
Hint Answer % Correct
Number Two Diego
99%
Number Three Allison
98%
Number Six Ben
98%
Number Four Klaus
98%
Number One Luther
98%
Number Five Five
96%
Number Seven Vanya
96%
Monkey Pogo
93%
Female assassin Cha-Cha
91%
Male assassin Hazel
90%
Mother of the children Grace
83%
Leader of the commision The Handler
68%
Father of the children Reginald Hargreeves
62%
Donut lady Agnes
59%
Love interest of number 7 Leonard Peabody
50%
Detective and love interest of number 2 Eudora Patch
41%
No matching quizzes found
Score Distribution
Percent of People with Each Score
Percentile by Number Answered
Your Score History
You have not taken this quiz